000 00750nam a2200217 a 4500
001 000042873
005 20201002040449.0
008 140211s1991 sp a 001 0 spa d
020 _a8432075442
040 _aDO-SdBNP
_bspa
_cBNPHU
082 _axxxxx
_bxxxxx
100 1 _aMiguel, Amando de
_970288
245 1 0 _aCien años de urbanidad :
_bcrítica de costumbres de la vida española /
_cAmando de Miguel.
260 _aBarcelona, España, :
_bPlaneta,
_c1991.
300 _a218 p. :
_bil. ;
_c24 cm.
490 1 _aEspejo de España
_v144
500 _aIncluye datos biográficos del autor en la solapa de la cubierta
500 _aIncluye índice onomástico
504 _aBibliografías : p. 211-213
830 0 _aEspejo de España
_n144
_970289
999 _c42362
_d42362